<?xml version="1.0" encoding="UTF-8"?>
<record
    xmlns:xsi="http://www.w3.org/2001/XMLSchema-instance"
    xsi:schemaLocation="http://www.loc.gov/MARC21/slim http://www.loc.gov/standards/marcxml/schema/MARC21slim.xsd"
    xmlns="http://www.loc.gov/MARC21/slim">

  <leader>03245nam0a22005291  4500</leader>
  <controlfield tag="001">v19\rc\2111946</controlfield>
  <controlfield tag="005">20260407090844.0</controlfield>
  <datafield tag="035" ind1=" " ind2=" ">
    <subfield code="a">(NLR Aleph) 005186119</subfield>
  </datafield>
  <datafield tag="090" ind1=" " ind2=" ">
    <subfield code="a">5167498</subfield>
    <subfield code="c">5167498</subfield>
  </datafield>
  <datafield tag="100" ind1=" " ind2=" ">
    <subfield code="a">20090914e18211820|||y0rusy50      ca</subfield>
  </datafield>
  <datafield tag="101" ind1="0" ind2=" ">
    <subfield code="a">rus</subfield>
  </datafield>
  <datafield tag="102" ind1=" " ind2=" ">
    <subfield code="a">RU</subfield>
  </datafield>
  <datafield tag="135" ind1=" " ind2=" ">
    <subfield code="a">crcn 024anaba</subfield>
  </datafield>
  <datafield tag="140" ind1=" " ind2=" ">
    <subfield code="a">y   y            eayaa0000  </subfield>
  </datafield>
  <datafield tag="200" ind1="1" ind2=" ">
    <subfield code="a">&#x41E;&#x43B;&#x44C;&#x432;&#x438;&#x44F;</subfield>
    <subfield code="e">&#x43E;&#x442;&#x440;&#x44B;&#x432;&#x43E;&#x43A; &#x438;&#x437; &#x41F;&#x443;&#x442;&#x435;&#x448;&#x435;&#x441;&#x442;&#x432;&#x438;&#x44F; &#x432; &#x422;&#x430;&#x432;&#x440;&#x438;&#x434;&#x443; &#x432; 1820 &#x433;&#x43E;&#x434;&#x443;;</subfield>
    <subfield code="e">&#x441; &#x43F;&#x440;&#x438;&#x43E;&#x431;&#x449;&#x435;&#x43D;&#x438;&#x435;&#x43C; &#x43F;&#x435;&#x440;&#x435;&#x432;&#x43E;&#x434;&#x430; &#x43E;&#x442;&#x440;&#x44B;&#x432;&#x43A;&#x430; &#x438;&#x437; &#x432;&#x43E;&#x440;&#x438;&#x441;&#x442;&#x435;&#x43D;&#x441;&#x43A;&#x43E;&#x439; &#x440;&#x435;&#x447;&#x438; &#x414;&#x438;&#x43E;&#x43D;&#x430; &#x425;&#x440;&#x438;&#x441;&#x43E;&#x441;&#x442;&#x43E;&#x43C;&#x430;.</subfield>
  </datafield>
  <datafield tag="210" ind1=" " ind2=" ">
    <subfield code="a">&#x421;&#x430;&#x43D;&#x43A;&#x442;&#x43F;&#x435;&#x442;&#x435;&#x440;&#x431;&#x443;&#x440;&#x433;</subfield>
    <subfield code="c">&#x43F;&#x435;&#x447;&#x430;&#x442;&#x430;&#x43D;&#x43E; &#x43F;&#x440;&#x438; &#x418;&#x43C;&#x43F;&#x435;&#x440;&#x430;&#x442;&#x43E;&#x440;&#x441;&#x43A;&#x43E;&#x439; &#x410;&#x43A;&#x430;&#x434;&#x435;&#x43C;&#x438;&#x438; &#x43D;&#x430;&#x443;&#x43A;</subfield>
    <subfield code="d">1821</subfield>
  </datafield>
  <datafield tag="215" ind1=" " ind2=" ">
    <subfield code="a">48 &#x441;.</subfield>
    <subfield code="d">8&#xB0; (25 &#x441;&#x43C;)</subfield>
  </datafield>
  <datafield tag="300" ind1=" " ind2=" ">
    <subfield code="a">&#x426;&#x435;&#x43D;&#x437;.: &#x418;.&#x422;&#x438;&#x43C;&#x43A;&#x43E;&#x432;&#x441;&#x43A;&#x438;&#x439;, 27 &#x430;&#x43F;&#x440;. 1821 &#x433;.</subfield>
  </datafield>
  <datafield tag="300" ind1=" " ind2=" ">
    <subfield code="a">&#x422;&#x438;&#x442;. &#x43B;. &#x433;&#x440;&#x430;&#x432;.</subfield>
  </datafield>
  <datafield tag="300" ind1=" " ind2=" ">
    <subfield code="a">&#x412; &#x43A;&#x43E;&#x43D;&#x446;&#x435; &#x43F;&#x440;&#x435;&#x434;&#x438;&#x441;&#x43B;. &#x430;&#x432;&#x442;.: &#x41C;&#x443;&#x440;&#x430;&#x432;&#x44C;&#x435;&#x432;-&#x410;&#x43F;&#x43E;&#x441;&#x442;&#x43E;&#x43B;. &#x425;&#x43E;&#x43C;&#x443;&#x442;&#x435;&#x446; 16 &#x43C;&#x430;&#x440;&#x442;&#x430; 1821 (&#x441;. 3)</subfield>
  </datafield>
  <datafield tag="316" ind1=" " ind2=" ">
    <subfield code="a">&#x42D;&#x43A;&#x437;. &#x420;&#x41D;&#x411; (18.8.1.278) &#x432; &#x438;&#x437;&#x434;. &#x43E;&#x431;&#x43B;. &#x420;&#x430;&#x437;&#x43C;&#x435;&#x440;: 24,2&#x445;14,6&#x445;0,4 &#x441;&#x43C;</subfield>
    <subfield code="5">NLR: 18.8.1.278</subfield>
  </datafield>
  <datafield tag="321" ind1="1" ind2=" ">
    <subfield code="a">&#x421;&#x41A; 1801-1825 5355</subfield>
  </datafield>
  <datafield tag="325" ind1=" " ind2=" ">
    <subfield code="a">&#x41A;&#x43E;&#x43F;&#x438;&#x44F; &#x434;&#x43E;&#x441;&#x442;&#x443;&#x43F;&#x43D;&#x430; &#x432; &#x42D;&#x43B;&#x435;&#x43A;&#x442;&#x440;&#x43E;&#x43D;. &#x431;-&#x43A;&#x435; &#x420;&#x41D;&#x411;</subfield>
  </datafield>
  <datafield tag="327" ind1="0" ind2=" ">
    <subfield code="a">&#x418;&#x437; &#x441;&#x43E;&#x434;&#x435;&#x440;&#x436;.: &#x41F;&#x435;&#x440;&#x435;&#x432;&#x43E;&#x434; &#x43E;&#x442;&#x440;&#x44B;&#x432;&#x43A;&#x430; &#x438;&#x437; &#x440;&#x435;&#x447;&#x438;, &#x432;&#x43E;&#x440;&#x438;&#x441;&#x442;&#x435;&#x43D;&#x441;&#x43A;&#x43E;&#x44E; &#x43D;&#x430;&#x437;&#x44B;&#x432;&#x430;&#x435;&#x43C;&#x43E;&#x439;, &#x414;&#x438;&#x43E;&#x43D;&#x430; &#x425;&#x440;&#x438;&#x441;&#x43E;&#x441;&#x442;&#x43E;&#x43C;&#x430; (&#x441;. 33-48)</subfield>
  </datafield>
  <datafield tag="464" ind1=" " ind2="0">
    <subfield code="1">2001#$a&#x41F;&#x435;&#x440;&#x435;&#x432;&#x43E;&#x434; &#x43E;&#x442;&#x440;&#x44B;&#x432;&#x43A;&#x430; &#x438;&#x437; &#x440;&#x435;&#x447;&#x438;, &#x432;&#x43E;&#x440;&#x438;&#x441;&#x442;&#x435;&#x43D;&#x441;&#x43A;&#x43E;&#x44E; &#x43D;&#x430;&#x437;&#x44B;&#x432;&#x430;&#x435;&#x43C;&#x43E;&#x439;, &#x414;&#x438;&#x43E;&#x43D;&#x430; &#x425;&#x440;&#x438;&#x441;&#x43E;&#x441;&#x442;&#x43E;&#x43C;&#x430;</subfield>
    <subfield code="1">215##$a&#x421;. 33-48</subfield>
    <subfield code="t">&#x41F;&#x435;&#x440;&#x435;&#x432;&#x43E;&#x434; &#x43E;&#x442;&#x440;&#x44B;&#x432;&#x43A;&#x430; &#x438;&#x437; &#x440;&#x435;&#x447;&#x438;, &#x432;&#x43E;&#x440;&#x438;&#x441;&#x442;&#x435;&#x43D;&#x441;&#x43A;&#x43E;&#x44E; &#x43D;&#x430;&#x437;&#x44B;&#x432;&#x430;&#x435;&#x43C;&#x43E;&#x439;, &#x414;&#x438;&#x43E;&#x43D;&#x430; &#x425;&#x440;&#x438;&#x441;&#x43E;&#x441;&#x442;&#x43E;&#x43C;&#x430;</subfield>
  </datafield>
  <datafield tag="488" ind1=" " ind2="0">
    <subfield code="1">2001#$a&#x41F;&#x443;&#x442;&#x435;&#x448;&#x435;&#x441;&#x442;&#x432;&#x438;&#x435; &#x432; &#x422;&#x430;&#x432;&#x440;&#x438;&#x434;&#x443; &#x432; 1820 &#x433;&#x43E;&#x434;&#x443;</subfield>
    <subfield code="1">700#1$3RU\NLR\AUTH\7713517$7ca$a&#x41C;&#x443;&#x440;&#x430;&#x432;&#x44C;&#x435;&#x432;-&#x410;&#x43F;&#x43E;&#x441;&#x442;&#x43E;&#x43B;$b&#x418;. &#x41C;.$f1767-1851$g&#x418;&#x432;&#x430;&#x43D; &#x41C;&#x430;&#x442;&#x432;&#x435;&#x435;&#x432;&#x438;&#x447;</subfield>
    <subfield code="t">&#x41F;&#x443;&#x442;&#x435;&#x448;&#x435;&#x441;&#x442;&#x432;&#x438;&#x435; &#x432; &#x422;&#x430;&#x432;&#x440;&#x438;&#x434;&#x443; &#x432; 1820 &#x433;&#x43E;&#x434;&#x443;</subfield>
    <subfield code="a">&#x41C;&#x443;&#x440;&#x430;&#x432;&#x44C;&#x435;&#x432;-&#x410;&#x43F;&#x43E;&#x441;&#x442;&#x43E;&#x43B;, &#x418;&#x432;&#x430;&#x43D; &#x41C;&#x430;&#x442;&#x432;&#x435;&#x435;&#x432;&#x438;&#x447; (1767-1851)</subfield>
  </datafield>
  <datafield tag="620" ind1=" " ind2=" ">
    <subfield code="d">&#x421;&#x430;&#x43D;&#x43A;&#x442;-&#x41F;&#x435;&#x442;&#x435;&#x440;&#x431;&#x443;&#x440;&#x433;</subfield>
  </datafield>
  <datafield tag="700" ind1=" " ind2="1">
    <subfield code="8">rus</subfield>
    <subfield code="7">ca</subfield>
    <subfield code="a">&#x41C;&#x443;&#x440;&#x430;&#x432;&#x44C;&#x435;&#x432;-&#x410;&#x43F;&#x43E;&#x441;&#x442;&#x43E;&#x43B;</subfield>
    <subfield code="b">&#x418;. &#x41C;.</subfield>
    <subfield code="f">1767-1851</subfield>
    <subfield code="g">&#x418;&#x432;&#x430;&#x43D; &#x41C;&#x430;&#x442;&#x432;&#x435;&#x435;&#x432;&#x438;&#x447;</subfield>
    <subfield code="3">RU\NLR\AUTH\7713517</subfield>
    <subfield code="9">123205</subfield>
  </datafield>
  <datafield tag="702" ind1=" " ind2="1">
    <subfield code="a">&#x422;&#x438;&#x43C;&#x43A;&#x43E;&#x432;&#x441;&#x43A;&#x438;&#x439;</subfield>
    <subfield code="b">&#x418;. &#x41E;.</subfield>
    <subfield code="f">1768-1837</subfield>
    <subfield code="g">&#x418;&#x432;&#x430;&#x43D; &#x41E;&#x441;&#x438;&#x43F;&#x43E;&#x432;&#x438;&#x447;</subfield>
    <subfield code="4">190</subfield>
  </datafield>
  <datafield tag="712" ind1="0" ind2="2">
    <subfield code="4">610</subfield>
    <subfield code="a">&#x410;&#x43A;&#x430;&#x434;&#x435;&#x43C;&#x438;&#x447;&#x435;&#x441;&#x43A;&#x430;&#x44F; &#x442;&#x438;&#x43F;&#x43E;&#x433;&#x440;&#x430;&#x444;&#x438;&#x44F;</subfield>
    <subfield code="c">&#x41F;&#x435;&#x442;&#x435;&#x440;&#x431;&#x443;&#x440;&#x433;</subfield>
    <subfield code="3">RU\NLR\AUTH\8815379</subfield>
    <subfield code="9">303965</subfield>
  </datafield>
  <datafield tag="790" ind1=" " ind2="1">
    <subfield code="9">z01700</subfield>
    <subfield code="a">&#x410;&#x43F;&#x43E;&#x441;&#x442;&#x43E;&#x43B;</subfield>
    <subfield code="b">&#x418;.&#x41C;.</subfield>
    <subfield code="g">&#x418;&#x432;&#x430;&#x43D; &#x41C;&#x430;&#x442;&#x432;&#x435;&#x435;&#x432;&#x438;&#x447;</subfield>
  </datafield>
  <datafield tag="801" ind1=" " ind2="0">
    <subfield code="a">RU</subfield>
    <subfield code="b">NLR</subfield>
    <subfield code="g">psbo</subfield>
  </datafield>
  <datafield tag="801" ind1=" " ind2="1">
    <subfield code="a">RU</subfield>
    <subfield code="b">ProSoft-M</subfield>
    <subfield code="2">rusmarc</subfield>
  </datafield>
  <datafield tag="801" ind1=" " ind2="2">
    <subfield code="a">RU</subfield>
    <subfield code="b">NLR</subfield>
    <subfield code="c">20160520</subfield>
    <subfield code="2">rusmarc</subfield>
  </datafield>
  <datafield tag="852" ind1=" " ind2=" ">
    <subfield code="a">NLR</subfield>
    <subfield code="j">18.8.1.278</subfield>
  </datafield>
  <datafield tag="852" ind1=" " ind2=" ">
    <subfield code="a">NLR</subfield>
    <subfield code="j">139/278</subfield>
  </datafield>
  <datafield tag="942" ind1=" " ind2=" ">
    <subfield code="c">BOOK</subfield>
  </datafield>
  <datafield tag="980" ind1=" " ind2=" ">
    <subfield code="a">NB</subfield>
  </datafield>
  <datafield tag="980" ind1="3" ind2=" ">
    <subfield code="a">kpcivil2020</subfield>
  </datafield>
  <datafield tag="980" ind1="3" ind2=" ">
    <subfield code="a">kp2020</subfield>
  </datafield>
  <datafield tag="980" ind1="3" ind2=" ">
    <subfield code="a">kp</subfield>
  </datafield>
  <datafield tag="981" ind1="2" ind2="2">
    <subfield code="a">(22) &#x41C;&#x430;&#x442;&#x435;&#x440;&#x438;&#x430;&#x43B;&#x44B; &#x43F;&#x43E; &#x438;&#x441;&#x442;&#x43E;&#x440;&#x438;&#x438; &#x420;&#x43E;&#x441;&#x441;&#x438;&#x438;</subfield>
    <subfield code="b">(22) &#x41F;&#x443;&#x442;&#x435;&#x448;&#x435;&#x441;&#x442;&#x432;&#x438;&#x44F; &#x438; &#x44D;&#x43A;&#x441;&#x43F;&#x435;&#x434;&#x438;&#x446;&#x438;&#x438;</subfield>
  </datafield>
  <datafield tag="981" ind1="2" ind2="0">
    <subfield code="a">(20) &#x41A;&#x43D;&#x438;&#x436;&#x43D;&#x44B;&#x435; &#x43F;&#x430;&#x43C;&#x44F;&#x442;&#x43D;&#x438;&#x43A;&#x438; &#x420;&#x41D;&#x411;</subfield>
    <subfield code="b">(20) &#x420;&#x443;&#x441;&#x441;&#x43A;&#x438;&#x439; &#x43A;&#x43D;&#x438;&#x436;&#x43D;&#x44B;&#x439; &#x444;&#x43E;&#x43D;&#x434;</subfield>
  </datafield>
  <datafield tag="995" ind1=" " ind2=" ">
    <subfield code="5">2013-10-26</subfield>
    <subfield code="b">NLR02</subfield>
    <subfield code="c">NLR02</subfield>
    <subfield code="e">RFS</subfield>
    <subfield code="f">5186119-10</subfield>
    <subfield code="k">18.8.1.278</subfield>
    <subfield code="o">0</subfield>
    <subfield code="r">BOOK</subfield>
    <subfield code="s">1881278_</subfield>
  </datafield>
  <datafield tag="995" ind1=" " ind2=" ">
    <subfield code="5">2013-10-26</subfield>
    <subfield code="b">NLR02</subfield>
    <subfield code="c">NLR02</subfield>
    <subfield code="e">RFS</subfield>
    <subfield code="f">5186119-20</subfield>
    <subfield code="k">139/278</subfield>
    <subfield code="o">0</subfield>
    <subfield code="r">BOOK</subfield>
    <subfield code="s">139278_</subfield>
  </datafield>
</record>
